000 01097pam a2200301 a 4500
001 2978679
003 ARRUPE
005 20160120152222.0
008 921020s1993 nyua b 001 0 eng
010 _a 92035337
020 _a0671693719 :
_c$25.00
040 _aDLC
_cDLC
_dDLC
050 0 0 _aGN799.T6
_bS35 1993
082 0 0 _a930.1/2
_220
100 1 _aSchick, Kathy Diane.
_921641
245 1 0 _aMaking silent stones speak :
_bhuman evolution and the dawn of technology /
_cKathy D. Schick and Nicholas Toth.
260 _aNew York :
_bSimon & Schuster,
_cc1993.
300 _a351 p. :
_bill. ;
_c25 cm.
504 _aIncludes bibliographical references (p. [325]-334) and index.
650 0 _aTools, Prehistoric.
_921642
650 0 _aFlintknapping.
_921643
650 0 _aStone age.
_921644
650 0 _aTool use in animals.
_921645
700 1 _aToth, Nicholas Patrick.
_921646
906 _a7
_bcbc
_corignew
_d1
_eocip
_f19
_gy-gencatlg
942 _2lcc
_cMONOGRAPH
999 _c123979
_d123979